000 00615nam a2200181Ia 4500
008 090630s9999 xx 000 0 und d
082 _b6504
100 _aधर्माधिकारी भाऊ.
245 _aग्रामदान.
_cधर्माधिकारी भाऊ.
260 _bशेटये सा. गं. पुणे.
300 _a55
600 _aधर्माधिकारी भाऊ.
630 _aग्रामदान.
655 _aइतर.
700 _aधर्माधिकारी भाऊ.
730 _aग्रामदान.
942 _cBOOK
999 _c258360
_d258360